Tiếng Anh dùng trong lớp học : 3200 mẫu câu giao tiếp điển hình

Shranjeno v:
Bibliografske podrobnosti
Format: Knjiga
Jezik:Undetermined
Teme:
Oznake: Označite
Brez oznak, prvi označite!
Thư viện lưu trữ: Trung tâm Học liệu Trường Đại học Cần Thơ
LEADER 00450nam a2200145Ia 4500
001 CTU_118826
008 210402s9999 xx 000 0 und d
082 |a 428.34 
082 |b T306/Cas.2 
245 0 |a Tiếng Anh dùng trong lớp học : 
245 0 |b 3200 mẫu câu giao tiếp điển hình 
650 |a English language 
650 |x Spoken english 
904 |i Tuyến 
980 |a Trung tâm Học liệu Trường Đại học Cần Thơ